People skills in project management

Bibliographic Details
Main Author: Tan, Andrew A. L.
Format: Book
Published: Batu Caves : Venton Professionals , 2006
Subjects:

MARC

LEADER 00000cam a2200000 7i4500
001 0000019654
005 20070628.0
020 |a 9833526195 
040 |a INS 
090 0 0 |a HD69.P75   |b T36 2006 
100 1 |a Tan, Andrew A. L. 
245 1 0 |a People skills in project management   |c Andrew A. L. Tan 
260 |a Batu Caves :   |b Venton Professionals ,   |c 2006 
300 |a xiv, 240 p. :   |b ill. ;   |c 21 cm. 
650 0 0 |a Project management 
999 |a 0000018826   |b BOOK   |c Open Shelf   |e Default branch 
999 |a 1000000086   |b BOOK   |c Open Shelf   |e Default branch